On This Day: November 23rd Quiz Stats

 Plays Quiz Updated Nov 23, 2017

Challenge
Share
Tweet
Embed
Score 0/7 Timer 03:00
19 Plays Today
Question Answer Wrong Answers
This long-running British Sci-Fi television show, which centers on the adventures of a particular Time Lord, debuts its first serialized episode.
1963
Doctor Who
94.8%
Red Dwarf
1%
Sapphire and Steel
0.8%
Life on Mars
2%
Just one day prior to his death, this lead singer of Queen releases a public statement confirming he has contracted AIDS.
1991
Freddie Mercury
94.5%
Brian May
1.8%
John Deacon
0.7%
Roger Taylor
0.7%
This Canadian hockey player nicknamed 'The Great One' scores his 600th career goal.
1988
Wayne Gretzky
88.8%
Brett Hull
1.2%
Bobby Orr
5.9%
Mark Messier
2.1%
The first ___, constructed by Pacific Phonograph Company, goes into use in a San Francisco saloon.
1889
Jukebox
65.5%
Player Piano
19.5%
Telephone
14.4%
Fireworks display
0.5%
Following the earlier passage of UN Resolution 2758, representatives of this nation attend the United Nations Security Council as a permanent member alongside the US, UK, France, and Soviet Union.
1971
China
64.9%
South Korea
4.6%
Brazil
2.1%
Germany
26.5%
Ellen Johnson Sirleaf is elected President of ___, becoming the first democratically elected female head of state in Africa.
2005
Liberia
44.3%
Cameroon
13.9%
South Africa
15.2%
Ghana
24.2%
This US President signs the Willis-Campbell Act, forbidding doctors from prescribing beer and alcohol to treat ailments.
1921
Warren G. Harding
38.7%
Calvin Coolidge
22.3%
Herbert Hoover
15.9%
Woodrow Wilson
22.1%

Today's Daily Dose

You're not logged in!

Compare scores with friends on all Sporcle quizzes.
OR
Log In

You Might Also Like...

Show Comments

Extras

Top Quizzes Today


Score Distribution

Your Account Isn't Verified!

In order to create a playlist on Sporcle, you need to verify the email address you used during registration. Go to your Sporcle Settings to finish the process.

Report this User

Report this user for behavior that violates our Community Guidelines.

Details: